Synonyms Quiz - Statistics

General Stats
  • This quiz has been taken 34 times
    27 since last reset
  • The average score is 5 of 7
Answer Stats
Hint Answer % Correct
Person Human | Individual | Someone
88%
Wet Soaked | Soggy | Damp | Moist
77%
Computer Laptop | MacBook | Personal Computer
69%
Number Digit | Integer | Value
62%
Alive Living
62%
Quadrilateral Rectangle | Square | Rhombus | Parallelogram | Trapezoid
54%
Organism Animal | Plant | Fungus | Protist | Bacteria | Virus | Algae | Parasite | Creature | Entity
38%
No matching quizzes found
Score Distribution
Percent of People with Each Score
Percentile by Number Answered
Your Score History
You have not taken this quiz since the last reset